Parents talking television : television in the home /

Bibliographic Details
Other Authors: Simpson, Philip
Format: Book
Language:English
Published: London : Comedia Pub. Group, 1987.
London : Comedia, 1987.
Series:Comedia series ; no 46.
Subjects:

MARC

Tag First Indicator Second Indicator Subfields
LEADER 00000cam a22000008a 4500
001 in00000017707
005 20151007053502.0
008 881013s1987 enk 000 0 eng
010 |a  87163923  
015 |a GB8710041  |2 bnb 
019 |a 15195558  |a 1191300057 
020 |a 1851780343 
029 1 |a AU@  |b 000005127733 
035 |a (OCoLC)18836470 
040 |a DLC  |b eng  |c DLC  |d UKM  |d BTCTA  |d YDXCP  |d BAKER  |d BDX  |d OCLCO  |d OCLCF  |d OCLCQ  |d CEF  |d UWO  |d UWK  |d OCLCQ  |d S2H  |d OCLCO 
043 |a e-uk--- 
049 |a TXAM 
050 1 0 |a HQ614 
050 4 |a HQ614  |b .P37 1987 
050 0 0 |a HQ614  |b .P37 1987 
082 0 |a 306.8/5/0941  |2 19 
082 0 0 |a 306.8/5/0941  |2 19 
245 0 0 |a Parents talking television :  |b television in the home /  |c edited by Philip Simpson. 
260 |a London :  |b Comedia Pub. Group,  |c 1987. 
264 1 |a London :  |b Comedia,  |c 1987. 
300 |a 108 pages ;  |c 23 cm 
336 |a text  |b txt  |2 rdacontent 
337 |a unmediated  |b n  |2 rdamedia 
338 |a volume  |b nc  |2 rdacarrier 
490 1 |a Comedia series ;  |v no 46 
505 0 |a Watching "teszelin" / Rosalind Delmar and Geoffrey Nowell-Smith -- And then video / John and Denise Corner -- Square eyes / Alan Horrox and Vivika Nyberg -- Mama don't preach / Marsha Rowe -- Only television / Sarah Boston -- Censoring, sharing / Beverly Anderson -- Fight the good fight / Bob Ferguson -- The centring space / Geoff and Stella Hurd -- In loco parentis / Lilie Ferrari -- Reduced to words / Ken Worpole -- The box in the bosom / Janet Dobson -- On viewing the Ewings / James Learmonth. 
650 0 |a Television and families  |z Great Britain. 
651 7 |a Great Britain.  |2 fast  |0 (OCoLC)fst01204623 
653 |a Great Britain  |a Family life  |a Role of television 
700 1 |a Simpson, Philip. 
776 0 8 |i Online version:  |t Parents talking television.  |d London : Comedia Pub. Group, 1987  |w (OCoLC)648493808 
830 0 |a Comedia series ;  |v no 46. 
938 |a Baker & Taylor  |b BKTY  |c 16.50  |d 16.50  |i 1851780335  |n 0001224779  |s active 
999 |a MARS 
999 f f |s 70db2dca-3f80-34fe-920b-594fd2e936fa  |i 982e217d-81e9-36fb-8a51-3c72c7383c69  |t 0 
952 f f |p ric  |a Texas A&M University  |b Rellis Campus  |c Joint Library Facility  |s JLF  |d Remote Storage  |t 0  |e HQ614 .P37 1987  |h Library of Congress classification  |i unmediated -- volume  |m A14811488404